000 00532nam a2200181Ia 4500
003 GCL
008 140319s9999 xx 000 0 eng d
040 _aGCL /
_cGCL
082 0 4 _a708.11
_bM N
100 1 _aMAHER, THOMES
245 1 0 _aTHE NATIONAL GALLERY OF CANADE: CATALOQUE OF PAINTINGS AND SCULPTURE VOLUME III CANADIAN SCHOOL /
_cMAHER, THOMES
260 _a[S.N] :
_bOFFICERS OF THE NATIONAL GALLERY OF CANA
300 _a464 P
650 0 4 _aART, CANADA
650 0 4 _aPAINTING
650 0 4 _aGALLERIES
942 _2ddc
_cBK
999 _c19483
_d19483